[Event "COL-ch U20"]
[Site "Barranquilla"]
[Date "2022.07.10"]
[Round "9"]
[White "Gamarra Pardo, Sebastian Andres"]
[Black "Diaz Larrea, Juan Manuel"]
[Result "1/2-1/2"]
[WhiteElo "1369"]
[BlackElo "1748"]
[PlyCount "39"]
[EventDate "2022.07.06"]
[EventType "swiss"]
[EventRounds "9"]
[EventCountry "COL"]
[SourceTitle "EXT 2023"]
[Source "ChessBase"]
[SourceDate "2022.10.05"]
[SourceVersion "1"]
[SourceVersionDate "2022.10.05"]
[SourceQuality "1"]

1. c4 c5 2. g3 Nf6 3. Bg2 d5 4. cxd5 Nxd5 5. Nf3 Nc6 6. Nc3 e5 7. d3 Be7 8. h3 Be6 9. Bd2 0-0 10. 0-0 h6 11. Kh2 a6 12. Rc1 f5 13. Nxd5 Bxd5 14. a3 Nd4 15. Bc3 b5 16. Bxd4 cxd4 17. Nd2 Bxg2 18. Kxg2 Bf6 19. Rc5 Qb6 20. Qc2 1/2-1/2

[Event "COL-ch U20"]
[Site "Barranquilla"]
[Date "2022.07.07"]
[Round "2"]
[White "Mercado Florez, Diego Armando"]
[Black "Gamarra Pardo, Sebastian Andres"]
[Result "0-1"]
[WhiteElo "1263"]
[BlackElo "1369"]
[PlyCount "47"]
[EventDate "2022.07.06"]
[EventType "swiss"]
[EventRounds "9"]
[EventCountry "COL"]
[SourceTitle "EXT 2023"]
[Source "ChessBase"]
[SourceDate "2022.10.05"]
[SourceVersion "1"]
[SourceVersionDate "2022.10.05"]
[SourceQuality "1"]

1. e4 c5 2. d4 cxd4 3. c3 d3 4. Bxd3 Nc6 5. Bf4 d6 6. Nd2 g6 7. Ngf3 Bg7 8. Qb3 Nf6 9. Bc4 0-0 10. Ng5 e6 11. 0-0-0 Na5 12. Qb4 Nxc4 13. Qxc4 Qe7 14. Ndf3 e5 15. Be3 Be6 16. Qb4 Rfe8 17. Qxd6 Qxd6 18. Rxd6 Nxe4 19. Rdd1 Bxa2 20. Nxe4 a6 21. Rhe1 Rad8 22. h3 Rxd1+ 23. Rxd1 f5 24. Rd5 0-1